El nuevo puente : matemática 6 /

Guardado en:
Autor Principal: Ruibal, Luisa
Otros Autores: Segovia, Tula, Morales Caporal, Oscar, Serrano, Gisela B., García, Pilar
Formato: Libro
Publicado: Buenos Aires : Santillana
Series:Santillana Egb
Materias:
Etiquetas: Agregar Etiqueta
Sin Etiquetas, Sea el primero en etiquetar este registro!
LEADER 00875nam a22002895a 4500
001 CEM.cems012553
005 20070823191745.0
008 130507b######################000#0#####d
003 CEMS
020 |a 9504607837 
082 0 4 |a SG372.7 
100 1 |a Ruibal, Luisa 
245 1 0 |a El nuevo puente :  |b matemática 6 /  |c Luisa Ruibal ... [et Al.] 
260 |a Buenos Aires :  |b  Santillana 
300 |a 95 p. 
490 0 |a Santillana Egb 
500 |a Libro de ejercitación de matemática para 6º grado. 
653 |a Biblioteca maría de los Ángeles saggio 
653 |a Educación 
653 |a Educación primaria 
653 |a Matemática 
653 |a Matemática-6º egb. 
700 1 |a Segovia, Tula 
700 1 |a Morales Caporal, Oscar 
700 1 |a Serrano, Gisela B. 
700 1 |a García, Pilar 
859 |a CEMS  |b BIB. CEMS - 11 de abril  |h SG372.7  |i N889  |p 23775.07  |t Ej.1